Language Quiz

Random Language or French Quiz

Passe Compose French Quiz Stats

Quiz not verified by Sporcle

Also try: Adages
Challenge
Share
Tweet
Embed
Score 0/31 Timer 10:00
0 Plays Today
Form of Verb Answer % Correct
il/on etrea ete
74.9%
elle etrea ete
74.9%
il/on fairea fait
73.8%
elle fairea fait
73.8%
il/on avoira eu
68.8%
elle avoira eu
68.8%
tu faireas fait
63.4%
je faireai fait
63.4%
il/on allerest alle
63%
tu avoiras eu
62.6%
vous faireavez fait
61.8%
ils/elles faireont fait
61.3%
nous avoiravons eu
61%
nous faireavons fait
60.9%
vous avoiravez eu
60.4%
je avoirai eu
59.9%
Form of Verb Answer % Correct
je allersuis alle
59.6%
tu etreas ete
59.1%
vous etreavez ete
59.1%
ils/elles avoiront eu
58.9%
je etreai ete
58.9%
nous etreavons ete
58.7%
ils/elles etreont ete
58%
tu alleres alle
57.9%
What helping verb do you make agreement with?Etre
57.3%
vous alleretes alle
55%
ils/elles allersont alles
50.9%
elle allerest allee
50.8%
nous allersommes alles
50.8%
What acronym can you use to remember which verbs take etre?DR MRS VANDERTRAMP
49.5%
What are the two helping verbs?Etre and Avoir
39.3%

You're not logged in!

Compare scores with friends on all Sporcle quizzes.
Join for Free
OR
Log In

You Might Also Like...

Show Comments

Extras

Created Dec 14, 2010ReportNominate
Tags:French Quiz, verbs

Top Quizzes Today


Score Distribution

Your Account Isn't Verified!

In order to create a playlist on Sporcle, you need to verify the email address you used during registration. Go to your Sporcle Settings to finish the process.

Report this User

Report this user for behavior that violates our Community Guidelines.

Details: